<?xml version="1.0" encoding="UTF-8"?>
<record
    xmlns:xsi="http://www.w3.org/2001/XMLSchema-instance"
    xsi:schemaLocation="http://www.loc.gov/MARC21/slim http://www.loc.gov/standards/marcxml/schema/MARC21slim.xsd"
    xmlns="http://www.loc.gov/MARC21/slim">

  <leader>01010nab a2200241uuc4500</leader>
  <controlfield tag="001">1069409</controlfield>
  <controlfield tag="005">20240202084028.0</controlfield>
  <controlfield tag="008">080225e20071001                    spa  </controlfield>
  <datafield tag="035" ind1=" " ind2=" ">
    <subfield code="a">1069409</subfield>
  </datafield>
  <datafield tag="035" ind1=" " ind2=" ">
    <subfield code="a">(OCoLC)820390671</subfield>
  </datafield>
  <datafield tag="040" ind1=" " ind2=" ">
    <subfield code="c">comduadb</subfield>
  </datafield>
  <datafield tag="041" ind1=" " ind2=" ">
    <subfield code="a">spa</subfield>
  </datafield>
  <datafield tag="100" ind1="1" ind2="0">
    <subfield code="a">Pinto Molina, Mar&#xED;a</subfield>
    <subfield code="4">aut</subfield>
    <subfield code="e">aut</subfield>
    <subfield code="9">286626</subfield>
  </datafield>
  <datafield tag="245" ind1="1" ind2="3">
    <subfield code="a">La herramienta "BiQual" como instrumento para el estudio de la calidad del servicio en bibliotecas universitarias espa&#xF1;olas de ciencia y tecnologia</subfield>
  </datafield>
  <datafield tag="650" ind1=" " ind2=" ">
    <subfield code="a">Calidad del servicio</subfield>
    <subfield code="9">26881</subfield>
  </datafield>
  <datafield tag="650" ind1=" " ind2=" ">
    <subfield code="a">Evaluacion de bibliotecas universitarias</subfield>
    <subfield code="9">51630</subfield>
  </datafield>
  <datafield tag="650" ind1=" " ind2=" ">
    <subfield code="a">Bibliotecas universitarias - Espa&#xF1;a</subfield>
    <subfield code="9">121747</subfield>
  </datafield>
  <datafield tag="650" ind1=" " ind2=" ">
    <subfield code="a">Espacio Europeo de Educaci&#xF3;n Superior. EEES</subfield>
    <subfield code="9">162959</subfield>
  </datafield>
  <datafield tag="700" ind1="1" ind2="0">
    <subfield code="a">Fernandez Marcial, Viviana</subfield>
    <subfield code="4">aut</subfield>
    <subfield code="e">aut</subfield>
    <subfield code="9">437020</subfield>
  </datafield>
  <datafield tag="700" ind1="1" ind2="0">
    <subfield code="a">Gomez Camarero, Carmen</subfield>
    <subfield code="4">aut</subfield>
    <subfield code="e">aut</subfield>
    <subfield code="9">356627</subfield>
  </datafield>
  <datafield tag="773" ind1="0" ind2=" ">
    <subfield code="t">Revista Espa&#xF1;ola de Documentaci&#xF3;n Cient&#xED;fica (Madrid)</subfield>
    <subfield code="g">Vol. 30, No. 04, Oct.-Dic. 2007, p. 465-491</subfield>
    <subfield code="w">492062</subfield>
    <subfield code="x">0210-0614</subfield>
    <subfield code="0">124355</subfield>
  </datafield>
  <datafield tag="942" ind1=" " ind2=" ">
    <subfield code="c">ARIMP</subfield>
  </datafield>
  <datafield tag="999" ind1=" " ind2=" ">
    <subfield code="c">449141</subfield>
    <subfield code="d">449141</subfield>
  </datafield>
</record>
